Nemzetközi egyezmény Olaszországgal
Elmentve itt :
| Dokumentumtípus: | Cikk |
|---|---|
| Megjelent: |
1927
|
| Sorozat: | Polgári jog : a hazai és külföldi magánjog és hiteljog szemléje
3 |
| Kulcsszavak: | Politika |
| Online Access: | http://misc.bibl.u-szeged.hu/4507 |
| LEADER | 00548nab a2200157 i 4500 | ||
|---|---|---|---|
| 001 | misc4507 | ||
| 005 | 20191106142930.0 | ||
| 008 | 170607s1927 hu o 0|| hun d | ||
| 040 | |a SZTE Miscellanea Repozitórium |b hun | ||
| 041 | |a hun | ||
| 245 | 0 | 0 | |a Nemzetközi egyezmény Olaszországgal |h [elektronikus dokumentum] |
| 260 | |c 1927 | ||
| 300 | |a 104-105a | ||
| 490 | 0 | |a Polgári jog : a hazai és külföldi magánjog és hiteljog szemléje |v 3 | |
| 695 | |a Politika | ||
| 856 | 4 | 0 | |u http://misc.bibl.u-szeged.hu/4507/1/polgari_jog_1927_104-105a.pdf |z Dokumentum-elérés |